1999 Worldwide Box Office - Statistics

General Stats
  • This quiz has been taken 9 times
  • The average score is 5 of 10
Answer Stats
Rank Movie Title Worldwide Box Office (USD) Distributor/Studio Genre % Correct
1 Star Wars Ep. I: The Phantom Menace $1,046,513,456 20th Century Fox Sci-Fi/Fantasy
83%
9 American Beauty $356,258,047 DreamWorks Drama
67%
5 Tarzan $448,191,819 Disney Family/Animation
67%
4 The Matrix $466,281,862 Warner Bros. Sci-Fi/Dystopia
67%
3 Toy Story 2 $511,358,276 Disney Family/Animation
67%
7 Notting Hill $363,713,167 Universal Romantic Comedy
50%
2 The Sixth Sense $672,806,292 Disney Horror/Thriller
50%
10 Austin Powers: The Spy Who Shagged Me $312,383,487 New Line Comedy
33%
6 The Mummy $422,538,025 Universal Adventure/Horror
33%
8 The World is Not Enough $361,730,660 MGM Action
17%
No matching quizzes found
Score Distribution
Percent of People with Each Score
Percentile by Number Answered
Your Score History
You have not taken this quiz